| 000 | 01103nam a2200253Ia 4500 | ||
|---|---|---|---|
| 001 | 592 | ||
| 003 | GE_BSU | ||
| 008 | 181216s||||||||xx |||||||||||||| ||und|| | ||
| 020 | _a9789941130854 | ||
| 040 | _cGE_BSU | ||
| 080 | _a39(4)(04)(075.8)+008(4)(075.8) | ||
| 100 | _aთოფჩიშვილი,როლანდ | ||
| 245 | _aევროპის ეთნოლოგია. | ||
| 245 | _bეთნიკური ისტორია,ეთნიკური კულტურა.სახელმძღვანელო სტუდენტებისათვის | ||
| 245 | _cრედ.ქეთევან ხუციშვილი;მიხეილ ქურდიანი | ||
| 260 | _aთბილისი | ||
| 260 | _bთბილისის უნივერსიტეტის გამ–ბა | ||
| 260 | _c2009 | ||
| 300 | _a360გვ. | ||
| 541 | _h10ლ. | ||
| 653 | _aევროპის ეთნოლოგია. | ||
| 653 | _aეთნიკური ისტორია,ეთნიკური კულტურა | ||
| 942 | _cBK | ||
| 999 |
_c34782 _d34782 |
||